000
00274nam a22001337a 4500
008
170908b xxu||||| |||| 00| 0 eng d
020
_a
9781256211389
041
_a
eng
080
_a
91
100
_a
42
101
_a
GEO
245
_a
GEOS
_c
KANNEY.R.M
942
_2
udc
_c
BK
999
_c
26930
_d
26930